000 00341nam a22001457a 4500
003 OSt
020 _aNA
040 _c0
082 _222
_a005.711
100 _aArora, P. N.
245 _aProgramming with basic for computers /
260 _aNew Delhi,
_bS. Chand & Company Ltd.,
_cc1990.
300 _aviii, 184p. ;
_bill. ;
942 _2ddc
_cIT
999 _c5422
_d5422